Statistics for All Dorito flavors sold in the US

Click here to take the quiz!

General Stats

  • This quiz has been taken 72 times
  • The average score is 3 of 19

Answer Stats

Answer% Correct
Nacho Cheese
95%
Cool Ranch
92%
Spicy Nacho
35%
Spicy Sweet Chili
20%
Taco
17%
FLAMAS
10%
Flamin Hot Nacho
10%
Salsa Verde
10%
Chile Limon
7%
Spicy Ranch
7%
Flamin Hot Limon
5%
TAPATIO
3%
Blazin Buffalo and Ranch
2%
Spicy White Cheddar
2%
White Cheddar
2%
Chili Cheese Nacho
0%
Dill Pickle
0%
Popin Jalepeno
0%
Tangy Pickle
0%

Score Distribution

Percentile by Number Answered

Percent of People with Each Score

Your Score History

You have not taken this quiz